00356 a2200133 4500020001800000082001200018100002700030245004500057250001300102260003800115300001100153650003300164700002500197 a9788183331777 a005.133 aKanetkar, Yashavant P. aLet us C solutionscYashavant P.Kanetkar a11 th ed aNew DelhibBPB Publicationsc2011 a460 p. aC--Computer program language aYashavant P.Kanetkar